Statistiques concernant Pokémon masters ex tous les oeufs

Cliquez ici pour prendre le quiz!

Statistiques générales

  • Ce quiz a été pris 9 fois
    (6 depuis la dernière actualisation)
  • Le résultat moyen est 41 sur 50

Statistiques - réponses

HintRéponse% Correct
PoisonAbo
100%
InsecteAspicot
100%
PlanteBulbizarre
100%
EauCarapuce
100%
SpectreFantominus
100%
FeuGoupix
100%
InsecteMimitoss
100%
DragonMinidraco
100%
PoisonNosferapti
100%
GlaceOtaria
100%
VolPiafabec
100%
SolSabelette
100%
FeuSalamèche
100%
PoisonTadmorv
100%
PsyAbra
80%
RocheAmonita
80%
VolCanarticho
80%
FeuCaninos
80%
PlanteChetiflor
80%
VolDoduo
80%
ElectriqueElekid
80%
NormalExcelangue
80%
InsecteInsécateur
80%
RocheKabuto
80%
NormalKangourex
80%
CombatMachoc
80%
FeuMagby
80%
AcierMagneti
80%
FéeMelo
80%
NormalMiaouss
80%
PoisonNidoran (Femelle)
80%
PsyNoeunoeuf
80%
RocheOnix
80%
InsecteParas
80%
ElectriquePichu
80%
EauPoissirène
80%
FeuPonyta
80%
NormalPorygon
80%
RocheRacaillou
80%
NormalRattata
80%
InsecteScarabrute
80%
PoisonSmogo
80%
EauStari
80%
ElectriqueVoltorbe
80%
GlaceLokhlass
60%
RochePtera
60%
FéeToudoudou
60%
SolOsselait
40%
PlanteSaquedeneu
40%
NormalTauros
40%

Distribution des résultats

Percentile par nombre de réponses

% des personnes avec chaque résultat

Votre développement - résultats

Vous n’avez pas pris ce quiz depuis la dernière actualisation